01287nam a22003134a 4500001001200000003000800012006001900020007001500039008004100054010001700095020003500112040002100147035002100168043001200189050002500201082002000226245012000246260005800366300001600424504005100440533015200491650004000643650006000683650003700743655002900780700002100809710001700830856012600847ebr10236584CaPaEBRm u cr cn|||||||||040421s2005 enk sb 001 0 eng  z 2004009497 z0632058455 (pbk. : alk. paper) aCaPaEBRcCaPaEBR a(OCoLC)608622946 ae-uk---14aRC440b.P7297 2005eb04a616.89/023122200aPsychiatric and mental health nursingh[electronic resource] :bthe field of knowledge /cedited by Stephen Tilley. aOxford, UK ;aMalden, MA :bBlackwell Science,c2005. axiv, 250 p. aIncludes bibliographical references and index. aElectronic reproduction.bPalo Alto, Calif. :cebrary,d2013.nAvailable via World Wide Web.nAccess may be limited to ebrary affiliated libraries. 0aPsychiatric nursingzGreat Britain. 0aPsychiatric nursingxStudy and teachingzGreat Britain. 0aPsychiatric nursingxPhilosophy. 7aElectronic books.2local1 aTilley, Stephen.2 aebrary, Inc.40uhttp://site.ebrary.com/lib/rucke/Doc?id=10236584zAn electronic book accessible through the World Wide Web; click to view